| 000 | 00675nam0a22002411 4500 | ||
|---|---|---|---|
| 001 | rc\2858101 | ||
| 005 | 20250529205911.0 | ||
| 035 | _a(NLR Aleph) 007012575 | ||
| 090 |
_a5829239 _c5829239 |
||
| 100 | _a20110708d1929 |||y0rusy50 ca | ||
| 101 | 0 | _arus | |
| 102 | _aRU | ||
| 105 | _ay z ||||| | ||
| 200 | 1 | _aПолезные ископаемые Туркмении | |
| 210 |
_a[Ленинград] _cБ. и. _d[1929] |
||
| 215 | _aС. 127-131 | ||
| 300 | _aВ кн.: Туркмения. т. 2, Л. 1929. с. 127-131 | ||
| 700 | 1 |
_aТелетов _bА.С. |
|
| 801 | 0 |
_aRU _bNLR _gpsbo |
|
| 801 | 1 |
_aRU _bELAR _2rusmarc |
|
| 852 |
_aNLR _j69/284 |
||
| 942 | _cBOOK | ||
| 980 | _aNB | ||